000 00320 a2200109 4500
001 ART_22283
005 20260410161928.0
008 260409a
245 1 0 _a"Ni una sola cosa ha cambiado... nada"
100 1 _aVan Marle, Karin
773 0 _tDerechos humanos
_g- Año II, Nº 4 (nov. 2013)
_wREV22278
999 _c28318
_d28318